| 000 | 00526nam a22001697a 4500 | ||
|---|---|---|---|
| 010 | _aENG-120560 | ||
| 020 |
_a9789386689016 _c100.00 |
||
| 035 | _aEN-104092 | ||
| 037 | _bDBAD/PUB | ||
| 082 | _a428 | ||
| 245 |
_aPrelude: _bA textbook of student of college/ _cChief edited by Shriram G. Gahane |
||
| 260 |
_aHyderabad _bOrient blackSwan _c2017 |
||
| 270 |
_a3-6-752 Himayatnagar _bHyderabad _e500029 |
||
| 300 |
_a156p. _b21cm(pbk). |
||
| 700 |
_aGahane, Shriram G. _960368 |
||
| 942 |
_2ddc _cEN _h428 _mPRE |
||
| 999 |
_c144551 _d144551 |
||